Electrochemical detection in HPLC (Record no. 56692)
[ view plain ]
| 000 -LEADER | |
|---|---|
| fixed length control field | 01436nam a2200373 a 4500 |
| 100 1# - MAIN ENTRY--AUTHOR NAME | |
| Personal name | Flanagan, Robert J. |
| 245 10 - TITLE STATEMENT | |
| Title | Electrochemical detection in HPLC |
| 260 ## - PUBLICATION, DISTRIBUTION, ETC. (IMPRINT) | |
| Place of publication | Cambridge : |
| Name of publisher | RSC, |
| Year of publication | 2005. |
| 300 ## - PHYSICAL DESCRIPTION | |
| Number of Pages | xiii, 230 p. : |
| Other physical details | ill. |
| 650 #0 - SUBJECT ADDED ENTRY--TOPICAL TERM | |
| Topical Term | High performance liquid chromatography. |
| Topical Term | Chromatographic analysis. |
| Topical Term | Electrochemical sensors. |
| Topical Term | Drugs |
| Topical Term | Toxins |
| 700 1# - ADDED ENTRY--PERSONAL NAME | |
| Personal name | Perrett, David. |
| Personal name | Whelpton, Robin. |
| 856 40 - ELECTRONIC LOCATION AND ACCESS | |
| Uniform Resource Identifier | http://site.ebrary.com/lib/rucke/Doc?id=10621172 |
No items available.
